00574nam a22001697a 450000500170000002000220001704000350003908200160007410000180009024501390010826000470024730000290029454600090032365000350033265000160036770000210038320251011110337.0 aNAcTZS 10,681.60 aMCCLbeng. eAACR 2nd rev. ed. a346.082 BAN aBangia, R. K. aBanking law and negotiable instrumentsc:including banker-customer and banker-consumer relationshipb/ R. K. Bangia and Sandeep Bangia aFaridabad :bAllahabad Law Agency,cc2006. axxviii, 363 p. ;c21 cm. aeng. aNegotiable instrumentszIndia  aBanking law aBangia, Sandeep